| Tag |
First Indicator |
Second Indicator |
Subfields |
| LEADER |
00000cam a2200000 i 4500 |
| 001 |
in00000447613 |
| 005 |
20151012161254.0 |
| 008 |
751015s1975 enk b 00110 eng |
| 010 |
|
|
|a 75326450
|
| 015 |
|
|
|a GB***
|
| 020 |
|
|
|a 0714510149 :
|c 6.95
|
| 035 |
|
|
|a (OCoLC)01858709
|
| 035 |
|
|
|9 ABZ4032AM
|
| 040 |
|
|
|a DLC
|c DLC
|d TXA
|d UtOrBLW
|
| 049 |
|
|
|a TXAM
|c [440442]
|
| 050 |
0 |
0 |
|a PQ2637.I547
|b Z73
|
| 082 |
0 |
|
|a 843/.9/14
|
| 100 |
1 |
|
|a Fletcher, John,
|d 1937-
|
| 245 |
1 |
0 |
|a Claude Simon and fiction now /
|c John Fletcher.
|
| 264 |
|
1 |
|a London :
|b Calder and Boyars,
|c 1975.
|
| 300 |
|
|
|a 240 pages ;
|c 22 cm.
|
| 336 |
|
|
|a text
|b txt
|2 rdacontent
|
| 337 |
|
|
|a unmediated
|b n
|2 rdamedia
|
| 338 |
|
|
|a volume
|b nc
|2 rdacarrier
|
| 490 |
1 |
|
|a Critical appraisals series
|
| 500 |
|
|
|a Includes index.
|
| 504 |
|
|
|a Bibliography: pages 229-230.
|
| 600 |
1 |
0 |
|a Simon, Claude
|x Criticism and interpretation.
|
| 830 |
|
0 |
|a Critical appraisals series.
|
| 999 |
|
|
|a MARS
|
| 999 |
f |
f |
|s 046d0f22-f86f-354b-8a0c-29eb88a9dea6
|i cfe606db-2f31-39ba-a4fa-4acad858fca9
|t 0
|
| 952 |
f |
f |
|p ric
|a Texas A&M University
|b Rellis Campus
|c Joint Library Facility
|d Remote Storage
|t 0
|e PQ2637.I547 Z73
|h Library of Congress classification
|i unmediated -- volume
|m A14803788094
|
| 998 |
f |
f |
|a PQ2637.I547 Z73
|t 0
|l Remote Storage
|